Kemahiran komunikasi (Record no. 105252)

MARC details
000 -LEADER
fixed length control field 00667nam a2200241 i 4500
001 - CONTROL NUMBER
control field C2-0301469
003 - CONTROL NUMBER IDENTIFIER
control field PPAK
005 - DATE AND TIME OF LATEST TRANSACTION
control field 20180728082747.0
008 - FIXED-LENGTH DATA ELEMENTS--GENERAL INFORMATION
fixed length control field 091210s2009 my |||| ||||| | may d
020 ## - INTERNATIONAL STANDARD BOOK NUMBER
International Standard Book Number 9789834602499
040 ## - CATALOGING SOURCE
Original cataloging agency PPAK
Language of cataloging eng
Transcribing agency PPAK
Description conventions rda
082 04 - DEWEY DECIMAL CLASSIFICATION NUMBER
Classification number 302.2
Edition number 23
090 00 - LOCALLY ASSIGNED LC-TYPE CALL NUMBER (OCLC); LOCAL CALL NUMBER (RLIN)
Classification number (OCLC) (R) ; Classification number, CALL (RLIN) (NR) 302.2
Feature heading ZAW
Feature heading G
100 0# - MAIN ENTRY--PERSONAL NAME
Personal name Zawiyah Mohammad Yusof,
Relator term author
245 10 - TITLE STATEMENT
Title Kemahiran komunikasi
264 #1 - PRODUCTION, PUBLICATION, DISTRIBUTION, MANUFACTURE, AND COPYRIGHT NOTICE
Place of production, publication, distribution, manufacture Kuala Lumpur :
Name of producer, publisher, distributor, manufacturer Dewan Bahasa dan Pustaka ,
Date of production, publication, distribution, manufacture, or copyright notice 2009
300 ## - PHYSICAL DESCRIPTION
Extent xv, 283 pages ;
Dimensions 22 cm
336 ## - CONTENT TYPE
Source rdacontent
Content type term text
337 ## - MEDIA TYPE
Source rdamedia
Media type term unmediated
338 ## - CARRIER TYPE
Source rdacarrier
Carrier type term volume
650 10 - SUBJECT ADDED ENTRY--TOPICAL TERM
Topical term or geographic name entry element Interpersonal communication.
942 ## - ADDED ENTRY ELEMENTS (KOHA)
-- dc
Koha item type Book
Holdings
Withdrawn Not for loan Current library Shelving location Date acquired Total Checkouts Full call number Barcode Date last seen Date last checked out Koha item type Total Renewals
    Perpustakaan Alor Setar Pinjaman Dewasa 30/12/2009 2 302.2 ZAW A01338262 23/02/2019 09/02/2019 Book  
    Perpustakaan Alor Setar Pinjaman Dewasa 30/12/2009   302.2 ZAW A01338263 09/05/2018   Book  
    Perpustakaan Awam Sungai Petani Pinjaman Dewasa 30/12/2009 3 302.2 ZAW A01338264 27/02/2024 07/02/2024 Book  
    Perpustakaan Jitra Pinjaman Dewasa 30/12/2009 2 302.2 ZAW A01338265 04/07/2023 19/06/2023 Book 1
    Perpustakaan Kulim Pinjaman Dewasa 30/12/2009 3 302.2 ZAW A01338266 21/12/2022 07/11/2022 Book 2
    Perpustakaan Merbok Pinjaman Dewasa 30/12/2009   302.2 ZAW A01338268 09/05/2018   Book